00606 2200229 4500001002100000005001700021008004100038035002400079082001100103090001800114100001900132245006100151250001200212260004200224300003100266650001500297850001500312980001300327985000600340999001500346990001500361YOGYA-0209000006292020090227040112.0 ind  0010-020900000062920 a915.98 a915.98bKun K aKUNCARANINGRAT aKebudayaan, mentalitas dan pembangunancKoentjaraningrat aCet. 16 aJakartabGramedia Pustaka Utamac1993 aviii, 151 hlmbilusc20 cm aKebudayaan aYOPDYOG(B) a19-07-06 a1 a93P0046215 a46215-P/93